| 000 | 00512nam a2200145Ia 4500 | ||
|---|---|---|---|
| 008 | 220216s9999 xx 000 0 und d | ||
| 100 | _aGeorge K.T | ||
| 245 | 0 | _aTranscending the regional trappings of natural rubber cultivation and challenges of evolving a national rubber policy in India | |
| 260 | _bRubber Research Institute of India, Kottayam, India, 23p. | ||
| 500 | _aSource Year: 2015 | ||
| 650 | _aNational rubber policy | ||
| 650 | _aRegional tapping | ||
| 650 | _aRubber cultivation | ||
| 942 | _cJS | ||
| 999 |
_c71462 _d71462 |
||